000 01119nam a2200301 i 4500
001 000047663
003 DO-SdBNP
005 20251114104455.0
007 ta
008 110504s2002 dr ad 001 0 spa d
040 _aDO-SdBNP
_bspa
_cBNPHU
_erda
041 _aspa
082 4 _a005.12028
_bP376s 2002
_222
100 1 _aPeguero-Cabral Nespral, Francisco
_956903
_eautor
_4aut.
245 1 0 _aSi quieres programar :
_bdiagramas de flujo y tópicos adicionales, (ejercicios resueltos y propuestos) /
_cFrancisco Peguero-Cabral.
250 _aSexta edición corregida y ampliada
264 _aSanto Domingo :
_bEditora Manatí,
_c2002.
300 _a252 páginas :
_bilustraciones, gráficos ;
_c22 cm.
336 _atexto
_btxt
_2rdacontent
337 _asin mediación
_bn
_2rdamedia
338 _avolumen
_bnc
_2rdacarrier
504 _aBibliografía: página 252.
590 _aInventariado, 2019/VM
650 4 _aDiagramas funcionales
_xEnseñanza programada
_956904
650 4 _aProgramación (computadores eletrónicos digitales)
_956905
910 _aValidado control de calidad/MAA
942 _2ddc
_cLBS1
999 _c47151
_d47151